00520nam a2200157Ia 45000010006000000050017000060080041000230410008000640820016000721000041000882450180001292600009003093000028003186500008003466540008003541561020260306170208.0260306t2010||||xx |||||||||||||| ||und|| aESP a551.13bR68 aRivera Guillén, Jorge Nelson,eAUT 0aLos misterios del planeta tierra :blibro III: metalogenia cretácica-terciaria de los andes centrales de sudamérica y su relación con la tectónica y metalogenia global c2010 a148 páginas :c28 cm. aGEN aCCN